বঙ্গমাতা ফজিলাতুন্নেছা মুজিব / (Record no. 11290)
[ view plain ]
| 000 -LEADER | |
|---|---|
| fixed length control field | 00881nam a2200241 a 4500 |
| 001 - CONTROL NUMBER | |
| JCCL Control Number | 11290 |
| 003 - CONTROL NUMBER IDENTIFIER | |
| JCCL marc code | BD-JhCC |
| 005 - DATE AND TIME OF LATEST TRANSACTION | |
| control field | 20220804134023.0 |
| 008 - FIXED-LENGTH DATA ELEMENTS--GENERAL INFORMATION | |
| fixed length control field | 190622s 2018bg a|||| ||a| 000 0 mul d |
| 020 ## - INTERNATIONAL STANDARD BOOK NUMBER | |
| International Standard Book Number | 9789849008080775 |
| 035 ## - SYSTEM CONTROL NUMBER | |
| system control number | (BD-JhCC)11290 |
| 040 ## - CATALOGING SOURCE | |
| Original cataloging agency | BD-JhCC |
| Modifying agency | BD-JhCC |
| 041 ## - LANGUAGE CODE | |
| Language code of Book | mul |
| 082 ## - DEWEY DECIMAL CLASSIFICATION NUMBER | |
| Author mark and Year | BAN 2018 |
| Classification number | 920 |
| 245 ## - TITLE STATEMENT | |
| Title | বঙ্গমাতা ফজিলাতুন্নেছা মুজিব / |
| Statement of responsibility, etc | সম্পাদিত: অধ্যাপক ড. এস এম আনোয়ারা । |
| 260 ## - PUBLICATION, DISTRIBUTION, ETC. (IMPRINT) | |
| Place of publication, distribution, etc | ঢাকা: |
| Name of publisher, distributor, etc | ন্যাশনাল পাবলিকেশন; |
| Date of publication, distribution, etc | ২০১৮. |
| 300 ## - PHYSICAL DESCRIPTION | |
| Pagination | ২২১ পৃ. : |
| Other physical details | ill; |
| Dimensions | ২২ সেমি. |
| 600 ## - SUBJECT ADDED ENTRY--PERSONAL NAME | |
| Personal name | Fazilatunnesa |
| 650 ## - SUBJECT ADDED ENTRY--TOPICAL TERM | |
| Topical term or geographic name as entry element | Biography |
| 700 ## - ADDED ENTRY--PERSONAL NAME | |
| Personal name | আনোয়ারা, অধ্যাপক ড. এস এম |
| 942 ## - ADDED ENTRY ELEMENTS (KOHA) | |
| Source of classification or shelving scheme | Dewey Decimal Classification |
| Koha item type | Books |
| Koha issues (borrowed), all copies | 2 |
| Source of classification or shelving scheme | Damaged status | Not for loan | Home library | Current library | Shelving location | Date of accession | Cost, normal purchase price | Total Checkouts | Full call number | Barcode | Date last seen | Date checked out | Copy number | Koha item type |
|---|---|---|---|---|---|---|---|---|---|---|---|---|---|---|
| Dewey Decimal Classification | JCC Rouf Library | JCC Rouf Library | General Stacks | 06/22/2019 | 255.00 | 1 | 920 BAN 2018 | 15372 | 08/11/2022 | 08/03/2022 | C-1 | Books |